| Tag |
First Indicator |
Second Indicator |
Subfields |
| LEADER |
00000cam a22000004a 4500 |
| 001 |
in00004509821 |
| 005 |
20191204153355.0 |
| 008 |
080523s2008 uk af b 001 0 eng |
| 010 |
|
|
|a 2008022860
|
| 015 |
|
|
|a GBA893683
|2 bnb
|
| 016 |
7 |
|
|a 101474839
|2 DNLM
|
| 016 |
7 |
|
|a 014680166
|2 Uk
|
| 020 |
|
|
|a 9780521867177 (hardback)
|
| 020 |
|
|
|a 0521867177 (hardback)
|
| 029 |
1 |
|
|a NLM
|b 101474839
|
| 029 |
1 |
|
|a AU@
|b 000043110436
|
| 035 |
|
|
|a (OCoLC)ocn227031801
|
| 035 |
|
|
|a (OCoLC)227031801
|
| 035 |
|
|
|z (UtOrBLW)47651
|
| 035 |
|
|
|a 68129
|
| 040 |
|
|
|a DNLM/DLC
|c DLC
|d NLM
|d BTCTA
|d BAKER
|d YDXCP
|d UKM
|d BWKUK
|d BWK
|d BWX
|d CDX
|d TMV
|d UtOrBLW
|
| 042 |
|
|
|a pcc
|
| 049 |
|
|
|a TMVM
|c 1
|
| 050 |
0 |
0 |
|a QP363.5
|b .Z63 2008
|
| 060 |
1 |
0 |
|a WL 500
|b Z84n 2008
|
| 082 |
0 |
0 |
|a 573.8/5
|2 22
|
| 100 |
1 |
|
|a Zochodne, Douglas W.
|
| 245 |
1 |
0 |
|a Neurobiology of peripheral nerve regeneration /
|c Douglas W. Zochodne.
|
| 264 |
|
1 |
|a Cambridge, U.K. ;
|a New York :
|b Cambridge University Press,
|c 2008.
|
| 300 |
|
|
|a viii, 276 pages, 30 unnumbered pages of plates :
|b illustrations (some color) ;
|c 26 cm.
|
| 336 |
|
|
|a text
|2 rdacontent
|b txt
|
| 337 |
|
|
|a unmediated
|2 rdamedia
|
| 338 |
|
|
|a volume
|2 rdacarrier
|b nc
|
| 504 |
|
|
|a Includes bibliographical references (pages 220-266) and index.
|
| 505 |
0 |
|
|a The intact peripheral nerve tree -- Injuries to peripheral nerves -- Addressing nerve regeneration -- Early regenerative events -- Consolidation and maturation of regeneration -- Regeneration and the vasa nervorum -- Delayed reinnervation -- Trophic factors and peripheral nerves -- The nerve microenvironment.
|
| 650 |
|
0 |
|a Nerves, Peripheral
|x Regeneration.
|
| 650 |
|
2 |
|a Peripheral Nerves
|x physiology.
|
| 650 |
|
2 |
|a Nerve Regeneration
|x physiology.
|
| 650 |
|
2 |
|a Peripheral Nervous System
|x physiology.
|
| 999 |
|
|
|a MARS
|
| 999 |
f |
f |
|s c3b41c6e-9d68-3bae-adae-198f9942b149
|i 420339a3-df21-3380-9d6d-9bcc77648d05
|t 0
|
| 952 |
f |
f |
|p normal
|a Texas A&M University
|b College Station
|c Medical Sciences Library
|d MSL: Book Stacks
|t 0
|e WL 500 Z84n 2008
|h National Library of Medicine classification
|i unmediated -- volume
|m 3238902065768
|
| 998 |
f |
f |
|a WL 500 Z84n 2008
|t 0
|l MSL: Book Stacks
|